000 00696nam a2200181Ia 4500
008 100921s9999 xx 000 0 und d
082 _b23924
_a891.463 थ 91
100 _aराजे नयना.
245 _aमी जिंकले मी हरले.
260 _bनवचैतन्य प्रकाशन, मुंबई.
_c1991
300 _a164
_bभावे पुस्तक भांडार,पुणे
365 _b50
520 _aललित-कादंबरी.
630 _aमी जिंकले मी हरले.
650 _aललित-कादंबरी.
730 _aमी जिंकले मी हरले.
942 _cBOOK
999 _c773037
_d773034